Normal view
MARC view
- Ojeda y Eiseley, Jaime de,
Entry Nombre Personal
001 - NUMERO DE CONTROL
- campo de control: 46286
003 - IDENTIFICADOR DE NUMERO DE CONTROL
- campo de control: UPN
005 - FECHA Y HORA DE LA ÜLTIMA TRANSACCIÓN
- campo de control: 20220911222425.0
008 - DATOS DE LONGITUD FIJA
- campo de control de longitud fija: 220911nn acannaabn n aaa d
040 ## - FUENTE DE CATALOGACIÓN
- Agencia original de catalogación: UPN
100 1# - ENCABEZAMIENTO - NOMBRE PERSONAL
- Nombre personal: Ojeda y Eiseley, Jaime de,
- Fechas asociadas con el nombre: 1933-
400 1# - VEÁSE - NOMBRE DE PERSONA
- Personal name: Ojeda, Jaime de,
- Dates associated with a name: 1933-
670 ## - FUENTE EN LA QUE SE LOCALIZARON DATOS
- Cita de la fuente: LC/P
680 ## - NOTA PUBLICA DE ACCESO PÚBLICO
- Frase explicativa de la referencia: Diplomático, traductor e intérprete español nacido en Roma
902 ## - CATALOGADOR
- Catalogador: CAA/110922
